Dessins animés par images #5 - Statistiques

Statistiques générales
  • Ce quiz a été pris 477 fois
  • Le résultat moyen est 8 sur 16
Statistiques - réponses
Par images Réponse % Correct
Peppa Pig
97%
Oui Oui
96%
Marsupilami
94%
Code Lyoko
71%
Wakfu
69%
Tom Sawyer
68%
Galactik Football
67%
Pierre Lapin
49%
Slugterra
47%
Zou
46%
Léonard
42%
Legends of Chima
39%
La boucle infernale
25%
Geronimo Stilton
19%
Lulu Vroumette
14%
Ozie Boo
4%
Aucun quiz correspondant
Distribution des résultats
% des personnes avec chaque résultat
Percentile par nombre de réponses
Votre historique - résultats
Vous n’avez pas pris ce quiz